[Event "IECG WC.2009.S.00003 email"]
[Site "IECG email"]
[Date "2006.09.09"]
[Round "?"]
[White "Holzhauer, Bjoern"]
[Black "Tinture, Laurent"]
[Result "1-0"]
[WhiteElo "1972"]
[BlackElo "2279"]
[PlyCount "105"]
[EventDate "2006.09.09"]
[EventType "tourn (corr)"]
[EventRounds "6"]
[SourceTitle "Corr 2011"]
[Source "ChessBase"]
[SourceDate "2010.08.31"]
[SourceVersion "1"]
[SourceVersionDate "2010.08.31"]
[SourceQuality "1"]

1. d4 d5 2. c4 e5 3. dxe5 d4 4. Nf3 Nc6 5. Nbd2 Bg4 6. a3 Qe7 7. h3 Bh5 8. Qa4 0-0-0 9. b4 Kb8 10. g4 Bg6 11. Bb2 Nxe5 12. Nxe5 Qxe5 13. Bg2 Qe6 14. 0-0 Nf6 15. Nb3 Qe8 16. Qxe8 Rxe8 17. Nxd4 h5 18. g5 Ne4 19. Bxe4 Bxe4 20. f3 Bg6 21. Kf2 f6 22. gxf6 gxf6 23. c5 b6 24. Rg1 Rg8 25. cxb6 axb6 26. e4 Kb7 27. Nf5 c5 28. Rab1 Re6 29. Bc3 Bf7 30. Rxg8 Bxg8 31. Rd1 Kc7 32. Bd2 Re8 33. Bf4+ Kc6 34. Nd6 Ra8 35. b5+ Kd7 36. Nc4+ Ke8 37. Nxb6 Rxa3 38. Nd5 Bxd5 39. Rxd5 h4 40. b6 Rb3 41. Bc7 c4 42. Ke2 Ba3 43. Kd2 Bb2 44. f4 Ba1 45. Ke2 Kf7 46. Rd6 Bc3 47. Bd8 Bb2 48. Kd1 Ba1 49. Kc1 Bc3 50. Kc2 Bb4 51. Rd7+ Ke6 52. Rd4 Rc3+ 53. Kd1 1-0

[Event "FRA-chT3 Gr14 0607"]
[Site "France"]
[Date "2006.03.18"]
[Round "7.3"]
[White "Holzhauer, Bjoern"]
[Black "Dann, Matthias"]
[Result "1/2-1/2"]
[WhiteElo "1999"]
[BlackElo "2093"]
[PlyCount "121"]
[EventDate "2006.10.15"]
[EventType "team"]
[EventRounds "9"]
[EventCountry "FRA"]
[SourceTitle "EXT 2008"]
[Source "ChessBase"]
[SourceDate "2007.11.25"]
[SourceVersion "1"]
[SourceVersionDate "2007.11.25"]
[SourceQuality "1"]

1. d4 Nf6 2. c4 e6 3. Nc3 Bb4 4. Qc2 c5 5. dxc5 0-0 6. a3 Bxc5 7. Nf3 Nc6 8. Bf4 a6 9. b4 Be7 10. c5 b6 11. cxb6 Qxb6 12. Na4 Qb7 13. e3 d6 14. Bd3 e5 15. Bg3 Nxb4 16. axb4 e4 17. Bxe4 Nxe4 18. 0-0 Bf5 19. Qb3 Rfb8 20. Rfc1 Be6 21. Qd3 Bf6 22. Nd4 Bxd4 23. exd4 Nxg3 24. hxg3 Qxb4 25. Rcb1 Bb3 26. Nc3 a5 27. Nd5 Qb7 28. Ne7+ Qxe7 29. Rxb3 Rxb3 30. Qxb3 Qa7 31. Qd5 Qa6 32. Ra4 g6 33. Kh2 Ra7 34. g4 h6 35. f4 Kg7 36. f5 g5 37. Rc4 Rd7 38. Ra4 Qe2 39. f6+ Kxf6 40. Qf5+ Ke7 41. Rxa5 Qe6 42. Qf3 Kf8 43. Rf5 Kg7 44. Qc3 d5 45. Qg3 f6 46. Qf3 Rd8 47. Kh3 Qd6 48. Qb3 Rc8 49. Rxd5 Rc3+ 50. Qxc3 Qxd5 51. Qe3 Kf7 52. Qd3 Ke6 53. Qe3+ Kd6 54. Qa3+ Ke6 55. Qa6+ Qd6 56. Qc4+ Qd5 57. Qc8+ Kd6 58. Qa6+ Ke7 59. Qa7+ Kd6 60. Qb6+ Qc6 61. Qd8+ 1/2-1/2

[Event "IECG TE.2002.S.01101 email"]
[Site "IECG email"]
[Date "2004.08.08"]
[Round "?"]
[White "Holzhauer, Bjoern"]
[Black "Ottenweller, Wolfgang"]
[Result "1-0"]
[WhiteElo "1972"]
[BlackElo "2007"]
[PlyCount "83"]
[EventDate "2004.08.08"]
[EventType "tourn (corr)"]
[EventRounds "8"]
[SourceTitle "Corr 2008"]
[Source "ChessBase"]
[SourceDate "2008.06.24"]
[SourceVersion "1"]
[SourceVersionDate "2008.06.24"]
[SourceQuality "1"]

1. d4 Nf6 2. c4 c5 3. d5 e6 4. Nc3 exd5 5. cxd5 d6 6. e4 g6 7. f4 Bg7 8. Bb5+ Nfd7 9. a4 0-0 10. Nf3 Nf6 11. 0-0 Bg4 12. Re1 a6 13. Be2 Nbd7 14. e5 Nh5 15. e6 fxe6 16. dxe6 Bxe6 17. Ng5 Bd4+ 18. Kh1 Bf5 19. Qb3+ Kg7 20. Bxh5 gxh5 21. Nd5 Re8 22. Bd2 h6 23. Rxe8 Qxe8 24. Re1 hxg5 25. Rxe8 Rxe8 26. Qg3 g4 27. Qh4 Kf8 28. Qxh5 Be6 29. Nc7 Nf6 30. Qh6+ Ke7 31. f5 Bf7 32. Nxe8 Nxe8 33. Bg5+ Bf6 34. Bxf6+ Nxf6 35. h3 gxh3 36. Qxh3 Bd5 37. Kg1 Nd7 38. Qh7+ Kd8 39. g4 Be4 40. Qh4+ Kc7 41. Qe7 Bd5 42. g5 1-0

[Event "IECG WC.2006.P.00008 email"]
[Site "IECG email"]
[Date "2003.01.22"]
[Round "?"]
[White "Foy, Jeffrey"]
[Black "Holzhauer, Bjoern"]
[Result "1/2-1/2"]
[WhiteElo "1541"]
[BlackElo "1846"]
[PlyCount "109"]
[EventDate "2003.01.22"]
[EventType "tourn (corr)"]
[EventRounds "10"]
[SourceTitle "Corr 2008"]
[Source "ChessBase"]
[SourceDate "2008.06.24"]
[SourceVersion "1"]
[SourceVersionDate "2008.06.24"]
[SourceQuality "1"]

1. e4 d5 2. exd5 Qxd5 3. Nc3 Qa5 4. d4 c6 5. Nf3 Nf6 6. Bc4 Bf5 7. Bd2 e6 8. Ne4 Qc7 9. Nxf6+ gxf6 10. Qe2 Nd7 11. 0-0-0 0-0-0 12. Bb3 c5 13. Kb1 Nb6 14. dxc5 Bxc5 15. Bh6 Rhg8 16. Nh4 Bg6 17. f4 Rge8 18. g3 Nd5 19. f5 exf5 20. Qf1 Qc6 21. Qh3 Re5 22. Rhf1 Rd7 23. Ng2 f4 24. Bxf4 Bf5 25. g4 Be4 26. Bxe5 Bxg2 27. Qxh7 fxe5 28. Bxd5 Bxf1 29. Qh8+ Kc7 30. Qxe5+ Kb6 31. a4 a5 32. Qc3 Bg2 33. Bxc6 Rxd1+ 34. Ka2 Bxc6 35. Qb3+ Ka7 36. c4 Rd4 37. h3 Bb6 38. Qc2 Be4 39. Qc1 f5 40. gxf5 Bxf5 41. b4 Be6 42. bxa5 Bxc4+ 43. Kb2 Bxa5 44. Qe3 Bb6 45. a5 Bc5 46. h4 Ka6 47. h5 Kxa5 48. h6 Bd3 49. Qe8 Bh7 50. Qf7 Rb4+ 51. Kc3 Bb1 52. Qc7+ b6 53. Qa7+ Kb5 54. Qd7+ Ka5 55. Qa7+ 1/2-1/2

[Event "IECG WC.2006.P.00008 email"]
[Site "IECG email"]
[Date "2003.01.22"]
[Round "?"]
[White "Holzhauer, Bjoern"]
[Black "Koloskov, Alexander"]
[Result "1-0"]
[WhiteElo "1846"]
[BlackElo "1928"]
[PlyCount "39"]
[EventDate "2003.01.22"]
[EventType "tourn (corr)"]
[EventRounds "10"]
[SourceTitle "Corr 2008"]
[Source "ChessBase"]
[SourceDate "2008.06.24"]
[SourceVersion "1"]
[SourceVersionDate "2008.06.24"]
[SourceQuality "1"]

1. d4 Nf6 2. c4 c5 3. d5 d6 4. Nc3 e6 5. e4 Be7 6. Bd3 0-0 7. Nge2 b6 8. 0-0 Nbd7 9. f4 Bb7 10. Ng3 a6 11. Qf3 Qc7 12. a4 Rfe8 13. Bd2 Rac8 14. Rae1 Rcd8 15. Rf2 Rc8 16. e5 dxe5 17. fxe5 Nxe5 18. Rxe5 Qxe5 19. Bf4 Qd4 20. Nge2 1-0